|
|
|
|
| LEADER |
00000cam a2200000 a 4500 |
| 001 |
vtls008629537 |
| 003 |
SK-MaSNL |
| 005 |
20260425222712.0 |
| 008 |
240314s1904 xr a j 000 0 cze |
| 040 |
|
|
|a SNK
|b slo
|c SNK
|e AACR2
|
| 041 |
0 |
|
|a cze
|
| 044 |
|
|
|a xr
|c CZ
|
| 072 |
|
7 |
|a 913(437)
|x Geografia Česka a Slovenska, reálie, cestovanie
|2 konspekt
|
| 072 |
|
7 |
|a 0/9-053.2
|x Literatúra pre deti a mládež (náučná)
|2 konspekt
|
| 080 |
|
|
|a 913(437.6)
|2 2001
|
| 080 |
|
|
|a 908(437.6)
|2 2001
|
| 080 |
|
|
|a (0:82-3)
|2 2001
|
| 080 |
|
|
|a (0.053.6)
|2 2001
|
| 100 |
1 |
|
|a Čermák, Kliment,
|d 1852-1817
|4 aut
|9 310808
|
| 245 |
1 |
0 |
|a Ze slovenských hor a chat
|c sepsal Kliment Čermák
|
| 260 |
|
|
|a Praha
|b Alois Hynka
|c 1904
|
| 300 |
|
|
|a 112 s., 34 obr. na príl.
|c 20 cm
|
| 490 |
1 |
|
|a Pokladnice mládeže
|v sv. 100
|
| 650 |
0 |
7 |
|a vlastiveda
|2 SNKPH
|9 3887
|
| 651 |
|
7 |
|a Slovensko
|2 SNKPHgeo
|9 14231
|
| 655 |
|
7 |
|a publikácie pre mládež
|2 SNKPH
|9 70434
|
| 830 |
|
0 |
|a Pokladnice mládeže
|9 310809
|
| 852 |
|
|
|a Slovenská národná knižnica
|
| 958 |
|
|
|a ONDV
|
| 999 |
|
|
|c 565652
|d 567582
|
| 952 |
|
|
|a SNK
|b SNK
|y VYP
|7 0
|p 17A0500361
|o snkSD 2081 D1
|i snkD 361/72
|0 0
|1 0
|4 0
|d 2006-03-08
|l 0
|r 2026-02-23 13:56:46
|w 2026-02-23
|
| 952 |
|
|
|a SNK
|b SNK
|y VYP
|7 0
|p 17A0500285
|o snkSD 2081 D2
|i snkK 1089/79
|0 0
|1 0
|4 0
|d 2006-03-10
|l 0
|r 2026-02-23 13:56:46
|w 2026-02-23
|